01537nam a2200301 i 450000100060000000300090000600500170001500700030003200800410003510000290007624500600010526000570016530000350022249000200025750505050027770000350078270000460081770000250086370000260088870000330091470000320094770000240097970000290100383000280103285200340106099900170109495201240111152802ES-MaACL20250712031711.0t|030904m19581959sp ||||1| spa d1 aDeeping, Warwick.94319510aObras de G. Warwick Deeping / cGeorge Warwick Deeping. aBarcelona : bJosé Janés, c1958-59 (fCastilla) a2 t. : bretr. aut. ; c18 cm.1 aMaestros de hoy8 aContiene: T. I: La ciudad desconfiada / [traducción de José Casaiz Herrera]. Cuando el amor acaba / [traducción de Fernando Gutiérrez]. La oscura morada / [traducción de Mario Rowe]. La tierra prometida / [traducción de Mary Lladó]. -- T. II: El puente del deseo / [traducción y notas de C. González Verges]. Bertrand de Bretaña / [traducción de José Romero de Tejada]. La atrevida juventud / [traducción de M. García]. Rey por un día / [traducción de Enrique de Juan]1 aCasaiz Herrera, José.9360371 aGutiérrez, Fernando,d1911-198491562601 aRowe, Mario.91001781 aLladó, Mary.9726491 aGonzález Verges, C.9590151 aRomero de Tejada, J.9993761 aGarcía, M.9540651 aJuan, Enrique de.9670900 aMaestros de hoy9182411 aES-MaACLjE-5135-36 bR.43907 c52802d52802 00104070aATENEOMbATENEOMcDEPO2d2008-01-17eSCl0oE-5135-36p1055493r2023-02-23 00:00:00w2023-02-23yMONOGRAFIA